[Event "Xtracon Chess Open 2018"]
[Site "Elsinore"]
[Date "2018.07.23"]
[Round "4"]
[White "Askerov, Imamali"]
[Black "Liu, Manli"]
[Result "0-1"]
[WhiteElo "1970"]
[BlackElo "2167"]
[EventDate "2018.07.21"]
[WhiteFideId "12974498"]
[BlackFideId "8608121"]

1.e4 e6 2.d4 d5 3.Nd2 c5 4.exd5 Qxd5 5.Ngf3 cxd4 6.Bc4 Qd7 7.Nb3 Nc6 8.
Nbxd4 Nxd4 9.Nxd4 a6 10.O-O Nf6 11.c3 b5 12.Bb3 Be7 13.Qe2 O-O 14.Bg5 Qc7 
15.Rfe1 Re8 16.Rad1 Bb7 17.f3 Bd6 18.g3 Nh5 19.Be3 g6 20.Bf2 Rad8 21.Bc2 
e5 22.Nb3 f5 23.Nd2 Qc6 24.Qe3 Kg7 25.Bxf5 gxf5 26.Qg5+ Kh8 27.Qxh5 Rf8 
28.Qh6 Rf7 29.Qe3 Bc7 30.Qc5 Qxc5 31.Bxc5 Rfd7 32.Be3 Bxf3 33.Bg5 Bxd1 34.
Rxd1 Rf8 35.Re1 Kg7 36.Nf3 e4 37.Nd4 Bb6 38.Be3 Bxd4 39.Bxd4+ Kg6 40.Kf2 
Rfd8 41.Ke3 Kf7 42.Rf1 Ke6 43.Rf4 Rg8 44.Rh4 Rg6 45.Rh5 h6 46.Kf4 Rg4+ 47.
Ke3 Rh7 48.Ke2 Rg5 49.Rh4 h5 50.Rf4 Rg4 51.Rf1 h4 52.Bf2 Rf7 53.Rd1 hxg3 
54.hxg3 f4 55.gxf4 Rgxf4 56.Be3 Rg4 57.Bf2 Rg2 58.Rf1 Rf3 59.a3 Kf5 60.Ke1
Kg4 61.Bd4 Rxf1+ 62.Kxf1 Rxb2 63.Ke1 Kf3 0-1

[Event "Xtracon Chess Open 2018"]
[Site "Elsinore"]
[Date "2018.07.23"]
[Round "4"]
[White "Ivarsson, Torbjorn"]
[Black "Jacobsen, Heidrikur T."]
[Result "1/2-1/2"]
[WhiteElo "2161"]
[BlackElo "1918"]
[EventDate "2018.07.21"]
[WhiteFideId "1705865"]
[BlackFideId "7200340"]

1.d4 Nf6 2.Bf4 e6 3.e3 d5 4.c3 c5 5.Nd2 Bd6 6.Bxd6 Qxd6 7.f4 O-O 8.Bd3 b6 
9.Qe2 Bb7 10.Ngf3 Ne4 11.O-O f5 12.Ne5 Nxd2 13.Qxd2 c4 14.Be2 Nd7 15.Nxd7 
Qxd7 16.Qe1 Qe7 17.Rf3 Bc6 18.Rh3 b5 19.Rf3 a5 20.a3 Rfb8 21.Rf1 b4 22.
axb4 axb4 23.Qd2 b3 24.Rab1 Ra2 25.g3 Rba8 26.Bf3 Be8 27.Qe2 R8a4 28.Kg2 
Qa7 29.Qd1 Qe7 30.Kg1 Bg6 31.Qe2 Qa7 32.Qd1 Qe7 1/2-1/2

[Event "Xtracon Chess Open 2018"]
[Site "Elsinore"]
[Date "2018.07.23"]
[Round "4"]
[White "Munshi, Aditya"]
[Black "Vesterli, Michael E."]
[Result "1/2-1/2"]
[WhiteElo "1953"]
[BlackElo "2159"]
[EventDate "2018.07.21"]
[WhiteFideId "436720"]
[BlackFideId "1417339"]

1.e4 c5 2.Nf3 e6 3.g3 g6 4.Bg2 Bg7 5.d4 cxd4 6.Nxd4 a6 7.Nc3 Ne7 8.Be3 
Nbc6 9.Qd2 Ne5 10.Qe2 b5 11.f4 Nc4 12.e5 Rb8 13.Ne4 O-O 14.Bf2 Nxb2 15.O-O
Nc4 16.a4 Nf5 17.axb5 Nxd4 18.Bxd4 axb5 19.Ba7 Rb7 20.Bc5 d5 21.Bxf8 
1/2-1/2

[Event "Xtracon Chess Open 2018"]
[Site "Elsinore"]
[Date "2018.07.23"]
[Round "4"]
[White "Kunz, Andre"]
[Black "Arndt, Uwe"]
[Result "1/2-1/2"]
[WhiteElo "2158"]
[BlackElo "1873"]
[EventDate "2018.07.21"]
[WhiteFideId "24623652"]
[BlackFideId "24647713"]

1.e4 g6 2.d4 Bg7 3.Nc3 d6 4.Be3 Nf6 5.f3 O-O 6.Qd2 Nbd7 7.O-O-O e5 8.Nge2 
exd4 9.Nxd4 Re8 10.h4 Nh5 11.g4 Ng3 12.Rh3 Nxf1 13.Rxf1 Ne5 14.Bg5 f6 15.
Bf4 h5 16.Rg3 hxg4 17.Rfg1 f5 18.h5 Nc4 19.Qe2 d5 20.Nxd5 Qxd5 21.exd5 
Rxe2 22.Nxe2 Bxb2+ 23.Kb1 gxh5 24.Rh3 Be5 25.Bxe5 Nxe5 26.f4 Ng6 27.Rxh5 
Bd7 28.Kc1 Re8 29.Rh2 Re4 30.Rf2 Ra4 31.Nc3 Rc4 32.Ne2 Ra4 33.Rg3 Rxa2 34.
Rc3 c6 35.dxc6 Bxc6 36.Rc5 Be4 37.Nc3 g3 38.Nxe4 gxf2 39.Nxf2 Nxf4 40.Rxf5
Ne2+ 41.Kd1 Nd4 42.Rc5 b6 43.Rc4 Nf5 44.Rc7 Ne3+ 45.Kc1 Nd5 46.Rd7 Nb4 47.
Rc7 Kf8 48.Kb1 Ra5 49.Ne4 Nd5 50.Rh7 Ra4 51.Nd6 a5 52.Rf7+ Kg8 53.Rb7 Rb4+
54.Kc1 Nc3 55.Kd2 Rd4+ 56.Kxc3 Rxd6 57.Kc4 Rc6+ 58.Kb5 Rxc2 59.Rxb6 Rb2+ 
60.Kxa5 Rxb6 61.Kxb6 1/2-1/2

[Event "Xtracon Chess Open 2018"]
[Site "Elsinore"]
[Date "2018.07.23"]
[Round "4"]
[White "Pettersen, Johan"]
[Black "Nilssen, Ellen Fredericia"]
[Result "1/2-1/2"]
[WhiteElo "1858"]
[BlackElo "2152"]
[EventDate "2018.07.21"]
[WhiteFideId "1522183"]
[BlackFideId "1441230"]

1.d4 Nf6 2.c4 g6 3.g3 Bg7 4.Bg2 d5 5.cxd5 Nxd5 6.Nc3 Nb6 7.Nf3 Nc6 8.e3 
O-O 9.O-O e6 10.b3 e5 11.Nxe5 Nxe5 12.dxe5 Bxe5 13.Bb2 Qxd1 14.Rfxd1 c6 
15.Rd2 Bf5 1/2-1/2

[Event "Xtracon Chess Open 2018"]
[Site "Elsinore"]
[Date "2018.07.23"]
[Round "4"]
[White "Woltery, Nicolai"]
[Black "Thybo, Thomas Sondergaard"]
[Result "0-1"]
[WhiteElo "1715"]
[BlackElo "2146"]
[EventDate "2018.07.21"]
[WhiteFideId "436887"]
[BlackFideId "1441299"]

1.c4 e6 2.Nc3 d5 3.d4 c6 4.e4 dxe4 5.Nxe4 c5 6.Nf3 cxd4 7.Qxd4 Bb4+ 8.Bd2 
Qxd4 9.Nxd4 Bxd2+ 10.Kxd2 Nf6 11.Bd3 Bd7 12.Nd6+ Ke7 13.Nxb7 Nc6 14.Nxc6+ 
Bxc6 15.Na5 Bxg2 16.Rhg1 Be4 17.Bxe4 Nxe4+ 18.Ke3 Nd6 19.Nc6+ Kf6 20.b3 a5
21.Nd4 h5 22.c5 Nc8 23.Nb5 Rb8 24.Nd6 Nxd6 25.cxd6 Rhd8 26.Rgd1 Rb4 27.Rd2
a4 28.Rd4 Rxd4 29.Kxd4 Rxd6+ 30.Kc5 Rd5+ 31.Kc6 Ke7 32.b4 Kd8 33.b5 Kc8 
34.b6 Rd2 35.Rc1 Rxf2 36.Kb5+ Kb8 37.Ka6 Rd2 38.Rc7 Rd8 39.Rxf7 g5 40.Rg7 
g4 41.Re7 Rg8 42.Rxe6 h4 43.Re2 g3 44.hxg3 hxg3 45.Rg2 a3 46.b7 Rg6+ 47.
Ka5 Kxb7 48.Kb5 Rg4 49.Kc5 Ka6 50.Kd5 Kb5 51.Ke5 Kc4 52.Kf5 Rg8 53.Kf4 Kd3
54.Kf3 Rf8+ 55.Kg4 Kc4 56.Kh3 Rg8 57.Rc2+ Kd3 58.Rg2 Kc3 59.Kh4 Rh8+ 60.
Kg4 Rh2 61.Rxg3+ Kb2 62.Rb3+ Kxa2 63.Rb8 Rb2 64.Rf8 Kb3 65.Rb8+ Kc2 66.Rf8
a2 67.Rf2+ Kb3 68.Rf3+ Ka4 69.Rf8 Rb4+ 70.Kg5 Rb5+ 71.Kg4 a1=Q 72.Ra8+ Ra5
73.Rf8 Qg7+ 74.Kf4 Qxf8+ 75.Ke4 Qf5+ 76.Ke3 Rd5 77.Ke2 Rd8 78.Ke3 Rd3+ 79.
Ke2 Qf3+ 80.Ke1 Rd1# 0-1

[Event "Xtracon Chess Open 2018"]
[Site "Elsinore"]
[Date "2018.07.23"]
[Round "4"]
[White "Niese, Holger"]
[Black "Nesse, David"]
[Result "1-0"]
[WhiteElo "2140"]
[BlackElo "1825"]
[EventDate "2018.07.21"]
[WhiteFideId "4697057"]
[BlackFideId "1519875"]

1.e4 c5 2.Nf3 Nc6 3.d4 cxd4 4.Nxd4 g6 5.c4 Nf6 6.Nc3 d6 7.Be2 Nxd4 8.Qxd4 
Bg7 9.Be3 O-O 10.Qd2 a5 11.O-O a4 12.Rac1 Be6 13.f3 Qa5 14.Nd5 Nxd5 15.
Qxa5 Rxa5 16.cxd5 Bd7 17.Rc7 Bb5 18.Rf2 Bxe2 19.Rxe2 Rb5 20.Rxe7 Rc8 21.
Rd7 Rxb2 22.Rxb2 Bxb2 23.Rxd6 Ba3 24.Rd7 Bc5 25.Bxc5 Rxc5 26.Rxb7 Kf8 27.
d6 Ke8 28.Re7+ Kd8 29.Rxf7 h5 30.f4 Ke8 31.Rc7 Rb5 32.e5 Rd5 33.Ra7 Rd4 
34.g3 1-0

[Event "Xtracon Chess Open 2018"]
[Site "Elsinore"]
[Date "2018.07.23"]
[Round "4"]
[White "Greeuw, Sietske"]
[Black "Chittka, Julius"]
[Result "0-1"]
[WhiteElo "1998"]
[BlackElo "2333"]
[EventDate "2018.07.21"]
[WhiteFideId "1020285"]
[BlackFideId "12954772"]

1.e4 c5 2.c3 d5 3.exd5 Qxd5 4.d4 Nc6 5.Nf3 Bf5 6.Bd3 Bxd3 7.Qxd3 e6 8.O-O 
Nf6 9.Na3 Be7 10.Bf4 O-O 11.Nc2 cxd4 12.c4 Qd7 13.Ne5 Nxe5 14.Bxe5 Rac8 
15.Rfd1 Rfd8 16.Qb3 d3 17.Ne1 d2 18.Nf3 Ne4 19.Nxd2 Nxd2 20.Qg3 f6 21.Bf4 
Bb4 22.a3 Ba5 23.Be3 Rxc4 24.b4 Bc7 25.f4 Bb6 26.Bxb6 axb6 27.Qe1 Rd4 28.
Kh1 Rxf4 0-1

[Event "Xtracon Chess Open 2018"]
[Site "Elsinore"]
[Date "2018.07.23"]
[Round "4"]
[White "Nielsen, Viktor Haarmark"]
[Black "Schmied, Andreas"]
[Result "1/2-1/2"]
[WhiteElo "2332"]
[BlackElo "1997"]
[EventDate "2018.07.21"]
[WhiteFideId "1444492"]
[BlackFideId "4625897"]

1.e4 e5 2.Nf3 Nc6 3.Bb5 a6 4.Ba4 Nf6 5.O-O Be7 6.d3 b5 7.Bb3 d6 8.a4 Bd7 
9.c3 O-O 10.Nbd2 Na5 11.Bc2 c5 12.Re1 Nc6 13.Nf1 Qc7 14.Ng3 Rfb8 15.h3 b4 
16.c4 h6 17.Be3 Nd4 18.b3 Qd8 19.Nxd4 cxd4 20.Bd2 Nh7 21.f4 Bh4 22.Qf3 f6 
23.Rf1 Bxg3 24.Qxg3 Kh8 25.Rf2 a5 26.f5 Qe7 27.Qf3 Kg8 28.h4 Kf8 29.g4 Ke8
30.Rg2 Kd8 31.g5 fxg5 32.hxg5 Nxg5 33.Bxg5 hxg5 34.Qh5 Kc7 35.Qxg5 Qf7 36.
Bd1 Rg8 37.Raa2 Qf6 38.Rg3 Raf8 39.Rh2 g6 40.Qxf6 Rxf6 41.Rhg2 Be8 42.Bh5 
Kd8 43.Rg5 Ke7 44.fxg6 Rg7 45.R2g3 Bd7 46.Kg2 Rf4 47.c5 Be6 48.Bd1 Rf8 49.
Rh5 Rd8 50.cxd6+ Kxd6 51.Rh7 Rdg8 52.Rxg7 Rxg7 53.Rg5 Bf7 54.Kg3 Rxg6 55.
Rxg6+ Bxg6 56.Kg4 Bf7 57.Kf5 Be6+ 58.Kf6 Bh3 59.Be2 Be6 60.Bd1 Bh3 1/2-1/2

[Event "Xtracon Chess Open 2018"]
[Site "Elsinore"]
[Date "2018.07.23"]
[Round "4"]
[White "Henningsen, Lasse"]
[Black "Eriksson, Jorgen"]
[Result "1/2-1/2"]
[WhiteElo "1930"]
[BlackElo "2206"]
[EventDate "2018.07.21"]
[WhiteFideId "1425315"]
[BlackFideId "1701967"]

1.d4 d5 2.c4 e6 3.e3 Nf6 4.Nf3 c6 5.Be2 Ne4 6.Nfd2 f5 7.g3 Bd6 8.f3 Ng5 9.
O-O O-O 10.Nc3 Qf6 11.f4 Ne4 12.Ndxe4 fxe4 13.Bd2 b6 14.a3 Ba6 15.b4 Qf7 
16.c5 Bxe2 17.Qxe2 Bc7 18.Na4 b5 19.Nb2 Nd7 20.a4 a6 21.Ra2 bxa4 22.Rxa4 
Nb8 23.Nd1 Ra7 24.Nf2 Rb7 25.Ra2 Rb5 26.Bc3 h6 27.Kh1 Kh8 28.Rfa1 Qg6 
1/2-1/2

[Event "Xtracon Chess Open 2018"]
[Site "Elsinore"]
[Date "2018.07.23"]
[Round "4"]
[White "Shehzad, Shazil"]
[Black "Thannheiser, Thomas"]
[Result "1/2-1/2"]
[WhiteElo "1896"]
[BlackElo "2201"]
[EventDate "2018.07.21"]
[WhiteFideId "1521942"]
[BlackFideId "4691059"]

1.e4 c5 2.Nf3 Nc6 3.Bb5 g6 4.Bxc6 bxc6 5.O-O Bg7 6.Re1 Nh6 7.c3 O-O 8.h3 
f6 9.d4 cxd4 10.cxd4 Nf7 11.Nc3 d6 12.Qc2 Bd7 13.b3 Qa5 14.Bd2 Rfc8 15.a3 
Qd8 16.b4 e5 17.Qb3 Qe8 18.Rad1 Kh8 19.Be3 exd4 20.Nxd4 a5 21.f4 axb4 22.
axb4 c5 23.bxc5 dxc5 24.Nf3 Rab8 25.Qa3 c4 26.Bd4 Ra8 27.Qb2 Rab8 28.Qf2 
Bc6 29.e5 fxe5 30.fxe5 Bxf3 31.Qxf3 Ng5 32.Qg4 1/2-1/2

[Event "Xtracon Chess Open 2018"]
[Site "Elsinore"]
[Date "2018.07.23"]
[Round "4"]
[White "Stage-Steffensen, Sander"]
[Black "Weber, Samuel"]
[Result "1/2-1/2"]
[WhiteElo "1928"]
[BlackElo "2197"]
[EventDate "2018.07.21"]
[WhiteFideId "1455796"]
[BlackFideId "12924008"]

1.e4 e5 2.Nf3 Nc6 3.Bc4 Bc5 4.c3 Nf6 5.d3 O-O 6.O-O d5 7.exd5 Nxd5 8.Nbd2 
Nb6 9.Bb5 Bd6 10.Nc4 f6 11.Nxb6 axb6 12.Nd2 Ne7 13.Ne4 Be6 14.Ba4 h6 15.
Bb3 Bxb3 16.Qxb3+ Kh7 17.Qe6 f5 18.Nxd6 Qxd6 19.Qxd6 cxd6 20.Bd2 Nc6 21.a3
d5 22.f3 g5 23.Rf2 Kg6 24.Re1 Rfe8 25.Rfe2 f4 26.g4 Kf6 27.Bc1 Re6 28.b4 
b5 29.Bb2 Rd8 30.d4 Rde8 31.dxe5+ Nxe5 32.c4 bxc4 33.Bd4 b5 34.Kf2 R8e7 
35.h3 Re8 1/2-1/2

[Event "Xtracon Chess Open 2018"]
[Site "Elsinore"]
[Date "2018.07.23"]
[Round "4"]
[White "Hill, Alistair"]
[Black "Rosell, Sven"]
[Result "1/2-1/2"]
[WhiteElo "2192"]
[BlackElo "1983"]
[EventDate "2018.07.21"]
[WhiteFideId "432407"]
[BlackFideId "1707760"]

1.e4 c6 2.d4 d5 3.Nc3 dxe4 4.Nxe4 Nf6 5.Nxf6+ gxf6 6.c3 Bf5 7.Nf3 Nd7 8.g3
Nb6 9.Bg2 Qd7 10.O-O Bh3 11.Bxh3 Qxh3 12.a4 Qf5 13.a5 Nd5 14.Re1 O-O-O 15.
Nh4 Qd7 16.Qb3 e6 17.Bd2 Bd6 18.c4 Nc7 19.Rad1 Rhg8 20.Qf3 f5 21.Qh5 f4 
22.Nf3 fxg3 23.hxg3 f6 24.Re4 Qg7 25.Bh6 Qg6 26.Qxg6 Rxg6 27.Bf4 f5 28.
Bxd6 fxe4 29.Bxc7 Kxc7 30.Ne5 Rg7 31.b4 h5 32.Kh2 Rf8 33.Rd2 Rd8 34.Kh3 
Rgg8 35.Kh4 Rgf8 36.Ng6 Rf5 37.Nf4 Rf6 38.Nxh5 Rh8 39.Re2 Rf3 40.Rxe4 Rxf2
41.g4 Rb2 42.Rxe6 Rxb4 43.Kg5 Rxc4 44.Re7+ Kd6 45.Rxb7 Rxd4 46.Nf6 Ra4 47.
Rxa7 c5 48.Kf5 c4 49.Ne4+ Kc6 50.Ra6+ Kb5 51.Ra7 Rxa5 52.Nd6+ Kb6+ 53.Rxa5
Kxa5 54.Nxc4+ Kb5 1/2-1/2

[Event "Xtracon Chess Open 2018"]
[Site "Elsinore"]
[Date "2018.07.23"]
[Round "4"]
[White "Ingvason, Johann"]
[Black "Mehringer, Joerg"]
[Result "1-0"]
[WhiteElo "2189"]
[BlackElo "1933"]
[EventDate "2018.07.21"]
[WhiteFideId "2301431"]
[BlackFideId "12915351"]

1.e4 e5 2.Nf3 Nc6 3.d4 exd4 4.Bc4 Bc5 5.Ng5 Nh6 6.Nxf7 Nxf7 7.Bxf7+ Kxf7 
8.Qh5+ g6 9.Qxc5 d6 10.Qb5 Qe7 11.Nd2 Kg7 12.O-O Ne5 13.f4 a6 14.Qd5 Nc6 
15.Qb3 Rf8 16.c3 b5 17.Qd5 Bb7 18.a4 Qf6 19.axb5 axb5 20.Rxa8 Bxa8 21.Qxb5
h6 22.Qd3 dxc3 23.bxc3 Re8 24.Nf3 Qe6 25.f5 gxf5 26.exf5 Qf6 27.Be3 Ne5 
28.Nxe5 dxe5 29.Bf2 Qc6 30.Qh3 Kh7 31.Bg3 Qxc3 32.f6 Qe3+ 33.Kh1 Qd3 34.
Rc1 c5 35.Qh5 Qe4 36.Qf7+ 1-0

[Event "Xtracon Chess Open 2018"]
[Site "Elsinore"]
[Date "2018.07.23"]
[Round "4"]
[White "Skaale, Janus"]
[Black "Leutwyler, Martin"]
[Result "0-1"]
[WhiteElo "1867"]
[BlackElo "2185"]
[EventDate "2018.07.21"]
[WhiteFideId "7201575"]
[BlackFideId "1301969"]

1.e4 c6 2.d4 d5 3.Nc3 dxe4 4.Nxe4 Bf5 5.Ng3 Bg6 6.h4 h6 7.Nf3 Nd7 8.h5 Bh7
9.Bd3 Bxd3 10.Qxd3 e6 11.Bd2 Ngf6 12.O-O-O Be7 13.Kb1 Qb6 14.Ne4 Rd8 15.
Nxf6+ Nxf6 16.Qe2 Qb5 17.Qxb5 cxb5 18.c3 Ne4 19.Be1 Bf6 20.Kc2 Rd5 21.Nd2 
Nxd2 22.Bxd2 b4 23.Bf4 O-O 24.g4 b5 25.Rhe1 bxc3 26.bxc3 Rc8 27.Be5 Bd8 
28.Kb3 Rc4 29.a3 Ba5 30.Rd3 Bd8 31.f3 Be7 32.Re2 Ra4 33.Ra2 Kf8 34.Rdd2 
Rd8 35.Re2 f6 36.Bf4 Kf7 37.Re3 e5 38.Bxe5 fxe5 39.Rxe5 a6 40.f4 Bd6 41.
Rf5+ Kg8 42.Rd5 Bc7 43.Rxd8+ Bxd8 44.Re2 Kf7 45.f5 Be7 46.Re6 Rxa3+ 47.Kb2
Ra4 48.Kb3 a5 49.Rb6 Ra3+ 50.Kb2 b4 51.cxb4 axb4 52.d5 Rd3 0-1

[Event "Xtracon Chess Open 2018"]
[Site "Elsinore"]
[Date "2018.07.23"]
[Round "4"]
[White "Dahl, Max"]
[Black "Tiarks, Jann-Christian"]
[Result "0-1"]
[WhiteElo "1848"]
[BlackElo "2179"]
[EventDate "2018.07.21"]
[WhiteFideId "1526626"]
[BlackFideId "12951595"]

1.Nf3 d5 2.d4 e6 3.c4 c6 4.cxd5 exd5 5.Nc3 Nf6 6.Bg5 Be7 7.e3 Bf5 8.Bd3 
Bxd3 9.Qxd3 Nbd7 10.O-O O-O 11.Rab1 a5 12.Rfc1 Ne4 13.Bxe7 Qxe7 14.Nd2 f5 
15.Ndxe4 fxe4 16.Qe2 Rf6 17.Rf1 Raf8 18.f4 exf3 19.Rxf3 Re6 20.Rxf8+ Nxf8 
21.Re1 Ng6 22.g3 Qg5 23.Kh1 Ne7 24.Nd1 Nf5 25.Qf2 Rf6 26.Qg2 Re6 27.Qf2 
Qg4 28.Rf1 Rf6 29.Qg2 h5 30.Kg1 h4 31.gxh4 Qh5 32.Kh1 Nxh4 33.Qh3 Rxf1+ 
34.Qxf1 Qg6 35.Nc3 Qc2 36.Qe2 Qc1+ 37.Nd1 Qb1 38.a3 Nf5 39.Kg1 Nxe3 40.
Qxe3 Qxd1+ 41.Kf2 Qc2+ 42.Kg3 Qg6+ 43.Kf2 Qf5+ 44.Kg3 Kf7 45.Qb3 Qg5+ 46.
Kh3 Qh6+ 47.Kg3 Qg6+ 48.Kh3 b5 49.Qc3 a4 50.Qf3+ Qf6 51.Qh5+ Ke7 52.Qh8 
Qh6+ 53.Qxh6 gxh6 54.Kg4 Kd6 55.Kh5 c5 56.dxc5+ Kxc5 57.Kxh6 d4 58.h4 d3 
59.h5 d2 60.Kg7 d1=Q 0-1

[Event "Xtracon Chess Open 2018"]
[Site "Elsinore"]
[Date "2018.07.23"]
[Round "4"]
[White "Nielsen, Andre"]
[Black "Justinussen, Sigurd B."]
[Result "1-0"]
[WhiteElo "2178"]
[BlackElo "1921"]
[EventDate "2018.07.21"]
[WhiteFideId "1518240"]
[BlackFideId "7200773"]

1.e4 e5 2.Nf3 Nc6 3.Bc4 Be7 4.O-O Nf6 5.d3 O-O 6.Re1 d6 7.a4 Bg4 8.h3 Bh5 
9.g4 Bg6 10.Nc3 Qd7 11.Kh2 Rac8 12.Be3 a6 13.Qd2 Rfe8 14.Rg1 Nd8 15.a5 Ne6
16.b4 c6 17.Na4 Bd8 18.Bb3 Bc7 19.Nb6 Bxb6 20.axb6 c5 21.Ba4 Qe7 22.Bxe8 
Qxe8 23.bxc5 Nxc5 24.Nh4 Qc6 25.Nf5 Bxf5 26.gxf5 Qxb6 27.Bg5 Ncd7 28.Rg2 
Qc5 29.Rag1 Qxc2 30.Bxf6 Nxf6 31.Qg5 Kf8 32.Qxg7+ Ke7 33.Qg3 Rc3 34.Qe3 
Rxd3 35.Qb6 Rb3 36.Rc1 Rxb6 37.Rxc2 Nxe4 38.Rg7 Rc6 39.Rb2 b5 40.Rxh7 d5 
41.h4 Nf6 42.Rh8 d4 43.Kg2 e4 44.h5 d3 45.h6 Ng4 46.h7 Rh6 47.Rg8 e3 48.
Rxg4 e2 49.Rb1 Rxh7 50.Rd4 Rg7+ 51.Kf3 Rg5 52.Rxd3 Rxf5+ 53.Kxe2 a5 54.Ke3
b4 55.f3 Rc5 56.Kd2 Ke6 57.Rc1 Rh5 58.Re1+ Kf6 59.Kc2 a4 60.Re2 Ra5 61.Kb2
Rc5 62.Re4 a3+ 63.Kb3 Ra5 64.Ka2 1-0

[Event "Xtracon Chess Open 2018"]
[Site "Elsinore"]
[Date "2018.07.23"]
[Round "4"]
[White "Rossen, Claus"]
[Black "Gula, Julian"]
[Result "0-1"]
[WhiteElo "2168"]
[BlackElo "1909"]
[EventDate "2018.07.21"]
[WhiteFideId "1403222"]
[BlackFideId "12954799"]

1.e4 e5 2.Nf3 Nc6 3.d4 exd4 4.Nxd4 Nf6 5.Nxc6 bxc6 6.e5 Qe7 7.Qe2 Nd5 8.c4
Nb6 9.Nd2 Qe6 10.a3 a5 11.Qe4 g6 12.f4 Bg7 13.Bd3 O-O 14.O-O Ba6 15.b4 d5 
16.cxd5 cxd5 17.Qf3 Bxd3 18.Qxd3 axb4 19.Bb2 Na4 20.Qb3 Qb6+ 21.Kh1 Nxb2 
22.Qxb2 bxa3 23.Qxb6 cxb6 24.Nb1 a2 25.Nc3 d4 26.Nxa2 Ra4 0-1

[Event "Xtracon Chess Open 2018"]
[Site "Elsinore"]
[Date "2018.07.23"]
[Round "4"]
[White "Agustsson, Hafsteinn"]
[Black "Kistrup, Nicolai"]
[Result "0-1"]
[WhiteElo "1844"]
[BlackElo "2154"]
[EventDate "2018.07.21"]
[WhiteFideId "2302047"]
[BlackFideId "1444816"]

1.d4 Nf6 2.c4 e6 3.Nc3 Bb4 4.Qc2 O-O 5.Nf3 d5 6.cxd5 exd5 7.e3 Nbd7 8.Bd3 
c5 9.O-O c4 10.Be2 Re8 11.b3 Nb6 12.Ne5 Bxc3 13.Qxc3 Ne4 14.Qc2 f6 15.Nf3 
Bf5 16.Nh4 Bd7 17.bxc4 Ba4 18.Qb2 dxc4 19.Bd2 Qd5 20.Rfc1 Rac8 21.f3 Nxd2 
22.Qxd2 Qg5 23.f4 Qxh4 24.Bf3 f5 0-1

[Event "Xtracon Chess Open 2018"]
[Site "Elsinore"]
[Date "2018.07.23"]
[Round "4"]
[White "Petersson, Baldur Teodor"]
[Black "Rasmussen, Morten Fredsgaard"]
[Result "1-0"]
[WhiteElo "2153"]
[BlackElo "1901"]
[EventDate "2018.07.21"]
[WhiteFideId "2309157"]
[BlackFideId "1410636"]

1.e4 c6 2.d4 d5 3.e5 Bf5 4.h4 h5 5.Bd3 Bxd3 6.Qxd3 e6 7.Bg5 Qb6 8.Nd2 c5 
9.c4 Nc6 10.Ngf3 cxd4 11.O-O Nge7 12.a3 Qa6 13.b4 dxc4 14.Nxc4 Nf5 15.Rac1
b5 16.Ncd2 Be7 17.Ne4 Bxg5 18.hxg5 O-O 19.g6 Qb6 20.gxf7+ Rxf7 21.Neg5 Re7
22.Qe4 Rc8 23.Nxe6 Rxe6 24.Qxf5 Rce8 25.Ng5 Rxe5 26.Qf7+ Kh8 27.Qxh5+ Kg8 
28.Qf7+ Kh8 29.Qg6 1-0

[Event "Xtracon Chess Open 2018"]
[Site "Elsinore"]
[Date "2018.07.23"]
[Round "4"]
[White "Satre, Roger"]
[Black "Jorgensen, Dennis"]
[Result "1/2-1/2"]
[WhiteElo "1834"]
[BlackElo "2147"]
[EventDate "2018.07.21"]
[WhiteFideId "1510320"]
[BlackFideId "1408380"]

1.e4 c6 2.d4 d5 3.Nc3 dxe4 4.Nxe4 Nd7 5.Bd3 Ngf6 6.Nxf6+ Nxf6 7.Ne2 Bg4 8.
f3 Bf5 9.Bxf5 Qa5+ 10.Bd2 Qxf5 11.Ng3 Qb5 12.Qc1 Qc4 13.c3 e6 14.Ne4 Be7 
15.Bg5 O-O-O 16.b3 Qb5 17.Nxf6 gxf6 18.Be3 Rhg8 19.g3 h5 20.Qc2 h4 21.g4 
Qd5 22.Rf1 h3 23.O-O-O f5 24.c4 Qa5 25.gxf5 Rg2 26.Rf2 Rdg8 27.Rxg2 Rxg2 
28.Rd2 Ba3+ 29.Kd1 Rxd2+ 30.Bxd2 Qc7 31.Be3 b6 32.f4 Kb7 33.Qe4 exf5 34.
Qxf5 Qe7 35.Qxh3 Qe4 36.Ke2 Qc2+ 37.Kf3 f5 38.Qg2 Qd1+ 39.Qe2 Qh1+ 40.Kg3 
Bd6 41.Bf2 Qb1 42.h4 Qc1 43.Qe3 Qb1 44.a4 Bc7 45.h5 Bd8 46.Qf3 Kc7 47.c5 
bxc5 48.d5 Qc2 49.Qe3 Bf6 50.dxc6 Qd1 51.Qf3 Qd6 52.h6 Bh8 53.Qh5 Qd3+ 54.
Kh2 Qc2 55.Qf3 c4 56.bxc4 Qxc4 57.a5 Qe6 58.Bxa7 Qxh6+ 59.Kg2 Qxc6 60.Bb6+
Kb7 61.Bd8 Qxf3+ 62.Kxf3 Bb2 63.Bb6 Ka6 64.Bc7 Bc1 65.Kg3 Bd2 66.Kh4 Bxf4 
67.Bxf4 Kxa5 1/2-1/2

[Event "Xtracon Chess Open 2018"]
[Site "Elsinore"]
[Date "2018.07.23"]
[Round "4"]
[White "Nielsen, Henrik Wendelbo"]
[Black "Thuesen, Mogens"]
[Result "0-1"]
[WhiteElo "1831"]
[BlackElo "2139"]
[EventDate "2018.07.21"]
[WhiteFideId "1412302"]
[BlackFideId "1400878"]

1.d4 Nf6 2.c4 g6 3.h4 Bg7 4.Nc3 d6 5.e4 Nc6 6.Be2 e5 7.dxe5 Nxe5 8.Nf3 
Neg4 9.Nh2 Nxh2 10.Rxh2 Qe7 11.Bg5 Qe5 12.f4 Qc5 13.Kf1 Be6 14.h5 Nxh5 15.
Qd3 h6 16.Rxh5 gxh5 17.Bh4 f5 18.Bxh5+ Kd7 19.Nd5 Qd4 20.Qxd4 Bxd4 21.Rd1 
Bxb2 22.exf5 Bxf5 23.Ne7 Be6 24.c5 Rhf8 25.Kg1 Rxf4 26.Ng6 Bd4+ 27.Kh2 
Rxh4+ 28.Nxh4 Bxc5 0-1

[Event "Xtracon Chess Open 2018"]
[Site "Elsinore"]
[Date "2018.07.23"]
[Round "4"]
[White "Syndergaard, Stig"]
[Black "Poulsen, Iver"]
[Result "0-1"]
[WhiteElo "1830"]
[BlackElo "2133"]
[EventDate "2018.07.21"]
[WhiteFideId "1432435"]
[BlackFideId "1405110"]

1.Nf3 d5 2.c4 e6 3.d4 c6 4.e3 Nf6 5.Nc3 Nbd7 6.Bd3 dxc4 7.Bxc4 b5 8.Be2 
Bb7 9.O-O a6 10.a3 c5 11.dxc5 Bxc5 12.b4 Be7 13.Bb2 O-O 14.Rc1 Qb6 15.Qb3 
Rac8 16.Rfd1 Rfd8 17.Nb1 Bd5 18.Qd3 Qb7 19.Qd4 Nb6 20.Rxc8 Rxc8 21.Nc3 Bb3
22.Rd2 Bc4 23.Bd1 Qc7 24.Qe5 Qb7 25.Qd4 h6 26.Qe5 Ne8 27.Bc2 Bf6 28.Qe4 
Qxe4 29.Bxe4 Bxc3 30.Bxc3 Bd5 31.Bd3 Rxc3 0-1

[Event "Xtracon Chess Open 2018"]
[Site "Elsinore"]
[Date "2018.07.23"]
[Round "4"]
[White "Lahlum, Hans Olav"]
[Black "Alfven, Jorgen"]
[Result "1-0"]
[WhiteElo "2122"]
[BlackElo "1896"]
[EventDate "2018.07.21"]
[WhiteFideId "1501348"]
[BlackFideId "1715950"]

1.d4 Nf6 2.c4 e6 3.Nc3 Bb4 4.Qc2 c5 5.dxc5 O-O 6.Nf3 Bxc5 7.Bg5 h6 8.Bh4 
Nc6 9.e3 Be7 10.Be2 b6 11.O-O Bb7 12.Rfd1 Rc8 13.Qd2 g5 14.Bg3 Na5 15.b3 
Bb4 16.Qb2 Bxc3 17.Qxc3 Ne4 18.Qd4 Nxg3 19.hxg3 Rc7 20.Qd6 Bc8 21.Ne5 Nb7 
22.Qd4 Qe7 23.Ng4 f5 24.Ne5 Qf6 25.Nf3 Qxd4 26.Nxd4 a6 27.g4 f4 28.exf4 
Rxf4 29.Bf3 Nd8 30.Ne2 Rf7 31.Ng3 Bb7 32.Bxb7 Nxb7 33.Ne4 Kf8 34.Rd2 Ke7 
35.Rad1 Rf8 36.f3 Rd8 37.Kf2 d6 38.Rh1 d5 39.cxd5 exd5 40.Ng3 Rh8 41.Nf5+ 
Kf6 42.Rxh6+ Rxh6 43.Nxh6 Rd7 44.Nf5 Nc5 45.Rd1 Rd8 46.Kg3 Ne6 47.Nd4 Nf4 
48.Rd2 Rh8 49.Ne2 Ke5 50.Nxf4 gxf4+ 51.Kf2 d4 52.Re2+ Kd5 53.Ke1 Rh1+ 54.
Kd2 Ra1 55.Kd3 Rd1+ 56.Kc2 Ra1 57.a4 b5 58.axb5 axb5 59.Re4 Ra2+ 60.Kd3 
Rxg2 61.Rxd4+ 1-0

[Event "Xtracon Chess Open 2018"]
[Site "Elsinore"]
[Date "2018.07.23"]
[Round "4"]
[White "Skjoldager, Per"]
[Black "Rasmussen, Jonas H"]
[Result "1-0"]
[WhiteElo "2104"]
[BlackElo "1892"]
[EventDate "2018.07.21"]
[WhiteFideId "1408828"]
[BlackFideId "1511637"]

1.e4 e5 2.Nf3 Nc6 3.Bc4 Bc5 4.c3 Nf6 5.d3 a5 6.Bb3 Ba7 7.h3 h6 8.Nbd2 O-O 
9.Nf1 d5 10.Qe2 d4 11.Ng3 b5 12.c4 bxc4 13.Bxc4 Qd6 14.O-O Ne7 15.Nh4 Kh7 
16.f4 Ng6 17.Nxg6 fxg6 18.fxe5 Qxe5 19.Bf4 Qc5 20.Rac1 Qe7 21.Bxc7 Bc5 22.
Bf4 Bb7 23.a3 Bb6 24.Kh2 Kh8 25.Rf3 Bc7 26.Bxc7 Qxc7 27.Kg1 Nd7 28.Rxf8+ 
Rxf8 29.Nf1 Ne5 30.Nd2 Bc8 31.Rf1 Qe7 32.Rxf8+ Qxf8 33.Qf2 Qe7 34.Qxd4 Qg5
35.Qf2 Nxc4 36.Nxc4 Bxh3 37.Qd2 Qg3 38.Ne3 Bd7 39.Nf1 Qe5 40.Qc3 Qb5 41.b4
axb4 42.axb4 Qg5 43.Qc5 Qg4 44.b5 Qe6 45.b6 Bc6 46.Ne3 Bb7 47.Qc7 Bxe4 48.
dxe4 Qxe4 49.b7 Qxe3+ 50.Kh2 Qe1 51.b8=Q+ Kh7 52.Qcd8 g5 53.Qd3+ 1-0

[Event "Xtracon Chess Open 2018"]
[Site "Elsinore"]
[Date "2018.07.23"]
[Round "4"]
[White "Hansen, Simon L."]
[Black "Liabotro, Ola"]
[Result "0-1"]
[WhiteElo "1816"]
[BlackElo "2066"]
[EventDate "2018.07.21"]
[WhiteFideId "1446894"]
[BlackFideId "1512382"]

1.e4 c5 2.Nf3 Nc6 3.Bc4 e6 4.Nc3 Nf6 5.d4 d5 6.exd5 exd5 7.Qe2+ Be7 8.Bb5 
O-O 9.dxc5 Bxc5 10.O-O Bg4 11.Qd1 Qa5 12.Be2 Rad8 13.Bd2 Rd7 14.a3 Qd8 15.
Bg5 Be7 16.Nd4 Bxe2 17.Ncxe2 Qb6 18.Rb1 h6 19.Bh4 Re8 20.f3 Ng4 21.fxg4 
Bxh4 22.Kh1 Ne5 23.Nf4 Bg5 24.Nh3 Nc4 25.Qd3 Re4 26.Nf3 Bf6 27.g5 hxg5 28.
Nfxg5 Re3 29.Qh7+ Kf8 30.Qh8+ Ke7 31.Qg8 Nd2 32.Qxf7+ Kd8 33.Qf8+ Kc7 34.
Rbd1 Nxf1 0-1